| 000 | 00000nas##2200000za#4500 |
| 001 | 9.515366 |
| 003 | CaOODSP |
| 005 | 20240527135424 |
| 007 | ta |
| 008 | 150406c1998||||xxc|| p #||||f| |0eng|d |
| 022 | |a1708-3117 |
| 040 | |aCaOODSP|beng |
| 043 | |an-cn--- |
| 086 | 1 |aCW71-6E |
| 110 | 2 |aCanadian Wildlife Service. |
| 245 | 10|aOntario Forest Bird Monitoring Program newsletter / |cIssued by Ontario Region. |
| 260 | |aOttawa - Ontario : |bEnvironment Canada. |
| 310 | |aIrregular |
| 362 | 1 |aVol. 1, No. 1, fall 1990-- |
| 563 | |aPamphlet |
| 690 | 07|aEndangered species|2gcpds |
| 690 | 07|aWildlife|2gcpds |
| 776 | 0#|tOntario Forest Bird Monitoring Program newsletter / |w(CaOODSP)9.505126 |